IHF World Men's Handball Championship Host Countries - Statistics

General Stats
  • This quiz has been taken 261 times
  • The average score is 8 of 16
Answer Stats
Year Country % Correct
1938, 1961, 1982, 2007, 2019 Germany / West Germany
96%
1970, 2001, 2017 France
91%
1978, 2019 Denmark
86%
1954, 1967, 1993, 2011, 2023 Sweden
85%
2013 Spain
83%
2023 Poland
64%
2009 Croatia
62%
2015 Qatar
53%
1999, 2021 Egypt
47%
2003 Portugal
38%
1997 Japan
30%
1995 Iceland
25%
1986 Switzerland
24%
2005 Tunisia
22%
1958, 1974 East Germany
19%
1964, 1990 Czechoslovakia
11%
No matching quizzes found
Score Distribution
Percent of People with Each Score
Percentile by Number Answered
Your Score History
You have not taken this quiz